00737nam a2200241 a 4500001001300000003000900013005001700022008004100039020000800080082001500088100003000103245005600133260003300189300000900222500003500231505002400266650003400290700003000324902000800354942000700362952011100369999001500480nice12345678IN_TiNIC20260116012234.0050524s1972 luca grp 000 0 urd  ac400a297.7bNAD aNadvi, M S Abul Hasan Ali aHazrat Mawlana Mohammad Ilyas Awr Unki Deeni Daawat aLucknowbTanveer Pressc1972 a287p aincludes index and biblioraphy2 aBibliography, index aMuhammad-Ilyas-tablighi-jamat1 aNadvi, M S Abul Hasan Ali bSRS cBK 001040708StackRoom-aHMIbHMId2007-07-12g4.00l0o297.7 NADp09702r2007-07-12v4.00w2005-05-24yBK c6205d6205